Evaluación del conocimiento de las estrategias de comprensión lectora
Guardat en:
| Autor principal: | |
|---|---|
| Format: | Llibre |
| Idioma: | espanyol |
| Publicat: |
Barcelona
Universitat de Barcelona
2003
|
| Col·lecció: | Metodología 7
|
| Matèries: | |
| Etiquetes: |
Afegir etiqueta
Sense etiquetes, Sigues el primer a etiquetar aquest registre!
|
MARC
| LEADER | 00000nam a2200000 a 4500 | ||
|---|---|---|---|
| 001 | UCH0755 | ||
| 003 | CL-VaPUC | ||
| 008 | 090326e20030000SP |||||||||||||||||spa|d | ||
| 020 | |a 8483384108 | ||
| 082 | 0 | 4 | |a 372.47 |b ESC |2 21 |
| 100 | 0 | |a Escoriza Nieto, José |e author |9 535069 | |
| 245 | 1 | 0 | |a Evaluación del conocimiento de las estrategias de comprensión lectora |
| 300 | |a 128 p | ||
| 942 | |c BK | ||
| 945 | |d 20090326 00:00:00 |a rbrito | ||
| 260 | |a Barcelona |b Universitat de Barcelona |c 2003 | ||
| 650 | 0 | |a Lectura |9 307634 | |
| 650 | 0 | |a Comprensión de lectura |9 307588 | |
| 650 | 0 | |a Métodos de enseñanza |9 270413 | |
| 650 | 0 | |a Enseñanza de la lectura |9 308364 | |
| 583 | |a last modification |c 20140403 05:12:48 |k Rodrigo Vera | ||
| 490 | 0 | |a Metodología 7 | |
| 999 | |c 332998 |d 332996 | ||
| 952 | |0 0 |1 0 |4 0 |6 372_470000000000000_ESC_2003 |7 0 |8 A |9 421108 |a BIBEDU |b BIBEDU |d 2019-11-22 |i 4524306 |o 372.47 ESC 2003 |p 4524306 |r 2019-11-22 |w 2019-11-22 |y BK |k EDI | ||